000 00523nam a2200181Ia 4500
003 GCL
008 140319s9999 xx 000 0 ara d
040 _aGCL /
_cGCL
082 0 4 _a418.008
_bم م
100 1 _aمحيى الدين اسماعيل
245 1 0 _aمن ملامح العصر /
_cمحيى الدين اسماعيل
260 _a[S.N] :
_bالدار العربية للموسوعات ،
_c1983
300 _a165 ص
490 _a
650 0 4 _aالادب
650 0 4 _aالمجموعات
942 _2ddc
_cBK
999 _c54025
_d54025